Knowledge and knowers: towards a realist sociology of education

Tallennettuna:
Bibliografiset tiedot
Päätekijä: Maton, Karl (autor)
Aineistotyyppi: Kirja
Kieli:englanti
Julkaistu: Londres Routledge 2014
Aiheet:
Tagit: Lisää tagi
Ei tageja, Lisää ensimmäinen tagi!

MARC

LEADER 00000cam a2200000 a 4500
001 UCF8674
003 CL-VaPUC
008 130930e20140000uk |||||||||||||||||eng|d
020 |a 9780415479998 
082 0 4 |a 306.432  |b MAT  |2 21 
100 |a Maton, Karl  |e autor  |9 570816 
245 1 0 |a Knowledge and knowers: towards a realist sociology of education 
300 |a 244 p 
942 |c BK 
945 |d 20130930 13:19:00  |a dcastane 
260 |a Londres  |b Routledge  |c 2014 
650 0 |a Sociología de la educación   |9 260380 
650 7 |a CULTURA Y EDUCACION  |2 CL-VaPUC  |9 464641 
650 0 |a Teoría del conocimiento   |9 255038 
583 |a last modification  |c 20130930 13:19:00  |k Rodrigo Vera 
999 |c 353241  |d 353239 
952 |0 0  |1 0  |3 erd  |4 0  |6 306_432000000000000_MAT_2014  |7 0  |8 A  |9 458328  |a FDOPOS  |b FDOPOS  |d 2019-11-23  |i 5012317  |o 306.432 MAT 2014  |p 5012317  |r 2025-01-22  |w 2019-11-23  |y BK  |z Catalogado en:20130930  |k DLA 
952 |0 0  |1 0  |3 erd  |4 0  |6 306_432000000000000_MAT_2014  |7 0  |8 A  |9 458329  |a FDOPOS  |b FDOPOS  |i 5111420  |o 306.432 MAT 2014  |p 5111420  |r 2025-01-22  |w 2019-11-23  |y BK  |z Catalogado en:20140829  |k DLA